Countries smaller than all their neighbours - Statistics

General Stats
  • This quiz has been taken 3,248 times
    1,692 since last reset
  • The average score is 42 of 51
Answer Stats
Area Country % Correct
0.44 Vatican City
98%
61 San Marino
96%
468 Andorra
94%
2,586 Luxembourg
94%
30 k Lesotho
92%
2.02 Monaco
92%
70 k Ireland
90%
17 k Eswatini
89%
10 k Kosovo
89%
11 k Qatar
89%
22 k Belize
88%
160 Liechtenstein
88%
38 k Bhutan
87%
43 k Denmark
87%
45 k Estonia
87%
11 k Gambia
87%
27 k Haiti
87%
10 k Lebanon
87%
147 k Nepal
87%
100 k South Korea
87%
5,765 Brunei
86%
23 k Djibouti
86%
26 k Rwanda
86%
56 k Togo
86%
181 k Uruguay
86%
163 k Suriname
85%
83 k United Arab Emirates
85%
14 k East Timor
84%
21 k El Salvador
84%
17 k Kuwait
84%
92 k Portugal
84%
181 k Cambodia
83%
276 k Ecuador
82%
29 k Armenia
81%
51 k Costa Rica
81%
1.56 m Mongolia
81%
406 k Paraguay
81%
33 k Moldova
80%
143 k Tajikistan
80%
28 k Equatorial Guinea
78%
20 k Slovenia
78%
163 k Tunisia
78%
323 k Norway
74%
147 k Bangladesh
73%
36 k Guinea-Bissau
73%
118 k Malawi
71%
462 k Papua New Guinea
70%
756 k Chile
68%
49 k Slovakia
68%
71 k Sierra Leone
66%
390 k Zimbabwe
58%
No matching quizzes found
Score Distribution
Percent of People with Each Score
Percentile by Number Answered
Your Score History
You have not taken this quiz since the last reset